Κατάλογος Βιβλιοθηκών Mediterranean College

Introduction to Health and Safety in Construction / Second Edition (Record no. 2977)

MARC details
000 -LEADER
fixed length control field 01496cam a22002174a 4500
005 - ΗΜΕΡΟΜΗΝΙΑ ΚΑΙ ΩΡΑ ΤΕΛΕΥΤΑΙΑΣ ΕΝΗΜΕΡΩΣΗΣ
Πεδίο ελέγχου 20250605164059.0
008 - FIXED-LENGTH DATA ELEMENTS--GENERAL INFORMATION
Πεδίο ελέγχου σταθερού μήκους 250528s ||||||||||||||||||||||||d
035 ## - SYSTEM CONTROL NUMBER
System control number 17573
020 ## - ISBN
ISBN 9780750681117
040 ## - ΠΗΓΗ ΚΑΤΑΛΟΓΟΓΡΑΦΗΣΗΣ
Φορέας πρωτότυπης καταλογογράφησης MC Athens Campus Library
Γλώσσα καταλογογράφησης Ελληνικά, Μοντέρνα (1453-)
Modifying agency MC Athens Campus Library
Κανόνες περιγραφικής καταλογογράφησης AACR2
245 1# - ΤΙΤΛΟΣ ΚΑΙ ΔΗΛΩΣΗ ΥΠΕΥΘΥΝΟΤΗΤΑΣ
Τίτλος Introduction to Health and Safety in Construction / Second Edition
250 ## - EDITION STATEMENT
Edition statement 2nd
260 ## - PUBLICATION, DISTRIBUTION, ETC.
Name of publisher, distributor, etc. Elsevier,
Date of publication, distribution, etc. 2007
300 ## - PHYSICAL DESCRIPTION
Extent 502
520 ## - SUMMARY, ETC.
Summary, etc. This book covers the specific challenges faced by the construction industry as well as the basics of occupational safety and health in general. Preface, Acknowledgements, Health and Safety Foundations, Policy, Organizing for Health and Safety, Promoting a Positive Health and Safety Culture, Risk Assessment, Principles of Control, General Site Issues - Hazards and Control, Working at Weight - Hazards and Control, Excavation Work and Confined Spaces - Hazards and Control, Demolition - Hazards and Control, Movement of People and Vehicles - Hazards and Control, Work Equipment Hazards and Control, Manual Mechanical Handling Hazards and Control, Electrical Hazards and Control, Fire Hazards and Control, Chemical and Biological Health Hazards and Control, Physical and Psychological Health Hazards and Control, Incident Investigation and Recording and Reporting, Monitoring Review and Audit, Summary of the Main Legal Requirements, Study Skills, Index.
700 1# - ΠΡΟΣΘΕΤΗ ΑΝΑΓΡΑΦΗ--ΦΥΣΙΚΟ ΠΡΟΣΩΠΟ
Personal name Ferrett Ed
9 (RLIN) 3734
700 1# - ΠΡΟΣΘΕΤΗ ΑΝΑΓΡΑΦΗ--ΦΥΣΙΚΟ ΠΡΟΣΩΠΟ
Personal name Hughes Phil
9 (RLIN) 3735
942 ## - ADDED ENTRY ELEMENTS (KOHA)
Koha item type Books
Holdings
Τύπος τεκμηρίου Βιβλιοθήκη Τρέχουσα τοποθεσία Barcode Αριθμός εισαγωγής Ημερομηνία απόκτησης Ταξιθετικό σύμβολο Αριθμός αντιτύπου Κατάσταση απόσυρσης Κατάσταση χαμένου Κατάσταση κατεστραμμένου Μη δανεισμός Σύνολο δανεισμών Ημερομηνία τελευταίας εμφάνισης Η τιμή ισχύει από
Books MC Athens Campus Library MC Athens Campus Library 9780000029768 5787 05/06/2025 624.0684 HUG 1           05/06/2025 05/06/2025

MC Athens Campus Library
Πατησίων 94 & Κοδριγκτώνος 13, 104 34
Πελλήνης 8 & Πατησίων 107, 112 51
Τ: +30 210 8899600

MC Thessaloniki Campus Library
Ίωνος Δραγούμη 21, 54625 | Ίωνος Δραγούμη 15, 54625
Τ: +30 2310 287779 – Τ: +30 2314 440300